| 000 | 01301nam a2200313 a 4500 | ||
|---|---|---|---|
| 001 | 000010976 | ||
| 005 | 20240412074222.0 | ||
| 008 | 091013s2009 dr ach 001 0 spa d | ||
| 020 | _a9789993431305 (rústica) | ||
| 020 | _a9789993431299 (tapa dura) | ||
| 040 |
_aDO-SdBNP _bspa _cBNPHU |
||
| 082 |
_a972.93054 _bO88g |
||
| 245 | 0 | 3 |
_aLa otra guerra de abril : _bla batalla cultural de los constitucionalistas / _cinvestigación, compilación y notas Pedro Pablo Fernández. |
| 260 |
_aSanto Domingo : _bBiblioteca Nacional Pedro Henríquez Ureña, _c2009. |
||
| 300 |
_a399 p. : _bil., retrs., facsíms. ; _c27 cm. |
||
| 490 | 1 | _aTestimonio | |
| 500 | _aIncluye índice onomástico | ||
| 500 | _aIncluye referencias bibliográficas y notas al pie de las páginas | ||
| 504 | _aBibliografía: p. 363-368 | ||
| 590 | _aInventariado, 2019/MFF | ||
| 651 | 4 |
_aRepública Dominicana _xHistoria _yREVOLUCIÓN, 1965 _92167 |
|
| 650 | 4 |
_aPeriodísmo político _zRepública Dominicana _926392 |
|
| 650 | 4 |
_aPolítica y cultura _zRepública Dominicana _926393 |
|
| 650 | 0 |
_aLiteratura dominicana. _967 |
|
| 650 | 4 |
_aArte y revoluciones _zRepública Dominicana _926394 |
|
| 700 | 1 |
_aFernández, Pedro Pablo, _ecomp. _98492 |
|
| 830 | 0 |
_aTestimonio _916115 |
|
| 910 | _aValidado. Control de calidad MMOLINA | ||
| 999 |
_c10714 _d10714 |
||